|
|
|
|
| LEADER |
00660nab a2200193 i 4500 |
| 001 |
publ21359 |
| 005 |
20210504124444.0 |
| 008 |
210504s2006 hu o 0|| zxx d |
| 022 |
|
|
|a 1896-2203
|
| 024 |
7 |
|
|a 1133021
|2 mtmt
|
| 040 |
|
|
|a SZTE Publicatio Repozitórium
|b hun
|
| 041 |
|
|
|a zxx
|
| 100 |
1 |
|
|a Batki Anikó
|
| 245 |
1 |
0 |
|a Rock-forming minerals of lamprophyres from the Ditrău Alkaline Massif, Romania
|h [elektronikus dokumentum] /
|c Batki Anikó
|
| 260 |
|
|
|c 2006
|
| 300 |
|
|
|a 22-24
|
| 490 |
0 |
|
|a MINERALOGIA POLONICA SPECIAL PAPERS
|v 28
|
| 700 |
0 |
2 |
|a Pál-Molnár Elemér
|e aut
|
| 856 |
4 |
0 |
|u http://publicatio.bibl.u-szeged.hu/21359/1/1133021.pdf
|z Dokumentum-elérés
|